000 00474nam a22001577a 4500
003 NUST - PNEC
005 20170114142548.0
008 160322b xxu||||| |||| 00| 0 eng d
020 _a9780471745037
040 _cBOOK BANK
082 _a332.015 BRA
100 _916777
_a Brandimarte, Paolo
245 _aNumerical methods in finance and economics : a MATLAB-based introduction
_c Paolo, Brandimarte
650 _916780
_aFinance--Mathematical models
942 _2ddc
_cBK
999 _c60266
_d60266